000 00485nam a2200169Ia 4500
999 _c12419
_d12419
003 OSt
005 20201104120204.0
008 190216s9999||||xx |||||||||||||| ||und||
040 _coclc
082 _a823.912
_bGRE/O
100 _aGreene, Graham
_94790
245 0 _aOur Man In Havana /
_cGraham Greene
260 _bHeinemann Educational Books Ltd,
_c1967.
_aLondon:
300 _a212p
650 _aNovel
942 _cBK
_2ddc
_h823.912
_iGRE/O
_k823.912
_mGRE/O